00606cam a2200181 a 4500020002300000082001300023100002400036245006700060260005400127300001800181650001900199650002600218650003700244700002700281942000700308952009200315999001700407 a0802807070 (paper)00a262bYOD1 aYoder, John Howard.14aThe royal priesthood : Essays, Ecclesiological and Ecumenical aGrand Rapids, Mich. :bEerdmans Pub. Co.,cc1994. axii, 388 p. ; 0aChurch - Unity 0aChurch and the world. 0aInterdenominational cooperation.1 aCartwright, Michael G. cBK 00104070aHMIbHMIcGENd2018-10-31l0o262 YODp11003820r2026-01-16w2026-01-16yBK c22450d22450